Embedded Pharmacists in Primary Care (Record no. 29045)
[ view plain ]
| 000 -LEADER | |
|---|---|
| fixed length control field | 01192nam a2200133Ia 4500 |
| 008 - FIXED-LENGTH DATA ELEMENTS--GENERAL INFORMATION | |
| fixed length control field | 220620s9999||||xx |||||||||||||| ||und|| |
| 020 ## - INTERNATIONAL STANDARD BOOK NUMBER | |
| International Standard Book Number | 9783040000000 |
| 245 #0 - TITLE STATEMENT | |
| Title | Embedded Pharmacists in Primary Care |
| 546 ## - LANGUAGE NOTE | |
| Language note | English[eng] |
| 650 ## - SUBJECT ADDED ENTRY--TOPICAL TERM | |
| Topical term or geographic name entry element | diabetes||hypertension||dyslipidemia||primary care||family medicine||comprehensive medication management||primary health care||pharmacy||evidence-based pharmacy practice||health outcomes||academic||dissemination||practice transformation||implementation science||quality improvement||pharmacist||collaborative practice agreement||patient care extender||electronic health record||electronic dashboard||medical education||graduate medical education||interprofessional||ambulatory pharmacy||practice growth||academic medical center||innovative practice||comprehensive medications management||practice management||ambulatory care||clinical pharmacy||chronic care management||team-based primary care||pharmacist in primary care||n/a||primary care team pharmacist||pharmacist-physician collaboration||interprofessional collaboration |
| 700 ## - ADDED ENTRY--PERSONAL NAME | |
| Personal name | MacKinnon III, PhD||Lamberton, PharmD |
| 856 ## - ELECTRONIC LOCATION AND ACCESS | |
| Uniform Resource Identifier | <a href="https://mdpi.com/books/pdfview/book/3825">https://mdpi.com/books/pdfview/book/3825</a> |
| 942 ## - ADDED ENTRY ELEMENTS (KOHA) | |
| Koha item type | E-Books |
| Withdrawn status | Lost status | Damaged status | Not for loan | Home library | Current library | Date acquired | Total Checkouts | Date last seen | Price effective from | Koha item type |
|---|---|---|---|---|---|---|---|---|---|---|
| Kerala University of Digital Sciences, Innovation and Technology Knowledge Centre | Kerala University of Digital Sciences, Innovation and Technology Knowledge Centre | 20/06/2022 | 20/06/2022 | 20/06/2022 | E-Books |